Voz del amigo y otros ensayos en torno a Heidegger

में बचाया:
ग्रंथसूची विवरण
मुख्य लेखकों: Fédier, Francóis (लेखक), Acevedo Guerra, Jorge (लेखक)
स्वरूप: पुस्तक
भाषा:स्पेनिश
प्रकाशित: Santiago Ediciones Diego Portales 2017
संस्करण:1a. ed
श्रृंखला:Colección Pensamiento Contemporáneo
विषय:
टैग: टैग जोड़ें
कोई टैग नहीं, इस रिकॉर्ड को टैग करने वाले पहले व्यक्ति बनें!

MARC

LEADER 00000cam a2200000 a 4500
001 UCD9938
003 CL-VaPUC
008 170709e20170400cl |||||||||||||||||spa|d
020 |a 9789563143416 
082 0 4 |a 193  |b FED  |2 21 
100 |a Fédier, Francóis  |e author  |9 302279 
700 0 |a Acevedo Guerra, Jorge  |e author  |9 593868 
245 1 0 |a Voz del amigo y otros ensayos en torno a Heidegger 
250 |a 1a. ed 
300 |a 245 p 
942 |c BK 
945 |d 20170709 17:01:00  |a arojas 
260 |a Santiago  |b Ediciones Diego Portales  |c 2017 
650 0 |a Filosofía alemana   |9 265002 
650 0 |a Filosofía moderna  |9 258121 
583 |a last modification  |c 20170709 17:01:00  |k Rodrigo Vera 
490 0 |a Colección Pensamiento Contemporáneo 
999 |c 368948  |d 368946 
952 |0 0  |1 0  |3 erb  |4 0  |6 193_000000000000000_FED_2017  |7 0  |8 A  |9 484454  |a BIBARQ  |b BIBARQ  |i 5406552  |o 193 FED 2017  |p 5406552  |r 2025-01-20  |w 2019-11-24  |y BK  |z Catalogado en:20170709  |k ARQ 
952 |0 0  |1 0  |3 erb  |4 0  |6 193_000000000000000_FED_2017  |7 0  |8 A  |9 484455  |a BIBART  |b BIBART  |i 5458641  |o 193 FED 2017  |p 5458641  |r 2025-03-13  |w 2019-11-24  |y BK  |z Catalogado en:20180323  |k ART